Indicadores claves para evaluar y Controlar Proyectos

Detalles Bibliográficos
Autor principal: Toro Lp̤ez, Francisco J.
Formato: eBook
Lenguaje:español
Publicado: Bogot:̀ Ediciones de la U, 2020
Materias:
Acceso en línea:Acceso restringido

MARC

LEADER 00000nam a22000007a 4500
005 20210702002620.0
007 cr|||| ||||
008 210702s2020 co |||||s|||| 00||0 spa d
020 |a 978-958-792-136-6 
035 |a 33449 
040 |a vLex 
090 |c 11826  |d 11826 
100 1 |a Toro Lp̤ez, Francisco J. 
245 1 0 |a Indicadores claves para evaluar y Controlar Proyectos  |h [Recurso electrn̤ico] /  |c Francisco J. Toro Lp̤ez 
256 |a Servicio en ln̕ea 
260 |a Bogot:̀  |b Ediciones de la U,  |c 2020 
300 |a 1 recurso electrn̤ico 
500 |a El objetivo de esta obra es explicar los conceptos y mecanismos de creacin̤ de los factores de medicin̤ y los indicadores claves aplicables en la direccin̤ de proyectos, en todas sus fases, desde su concepcin̤ original, luego la planeacin̤, ejecucin̤ y, finalmente, el cierre, focalizando los aspectos claves, como son la asignacin̤ de los recursos requeridos, los costos y cargas de trabajo, el manejo de los riesgos y la entrega a tiempo de los resultados establecidos, de acuerdo a unos objetivos previamente determinados y acordados. 
506 1 |a Disponible solo en los productos indicados  |d vLex Global  |d vLex Global (Academic Edition, excluding Law Schools)  |d vLex Global (U.S. Academic Edition, Law Schools)  |d vLex Global (U.S. Academic Edition, excluding Law Schools)  |d vLex Global (Academic Edition, Law Schools) 
650 0 4 |a Administracin̤ (Management)  |z Colombia 
740 0 |a vLex Libros (Servicio en ln̕ea) 
856 4 0 |u https://vlex.com/source/indicadores-claves-para-evaluar-y-controlar-proyectos-33449  |z Acceso restringido 
942 |c BOOK 
999 0 |a Management